|
|
|
|
| LEADER |
01481nam a2200373Ia 4500 |
| 001 |
EBC3016709 |
| 003 |
MiAaPQ |
| 005 |
20200520144314.0 |
| 006 |
m o d | |
| 007 |
cr cn||||||||| |
| 008 |
021017s2003 nyua sb 001 0 eng d |
| 020 |
|
|
|z 1931202419 (alk. paper)
|
| 035 |
|
|
|a (MiAaPQ)EBC3016709
|
| 035 |
|
|
|a (Au-PeEL)EBL3016709
|
| 035 |
|
|
|a (CaPaEBR)ebr10047965
|
| 035 |
|
|
|a (OCoLC)847450655
|
| 040 |
|
|
|a MiAaPQ
|c MiAaPQ
|d MiAaPQ
|
| 050 |
|
4 |
|a KF5599
|b .O43 2003
|
| 082 |
0 |
4 |
|a 343.73/0252
|2 21
|
| 100 |
1 |
|
|a Olivetti, Alfred M.
|
| 245 |
1 |
0 |
|a This land is your land, this land is my land
|h [electronic resource] :
|b the property rights movement and regulatory takings /
|c Alfred M. Olivetti, Jr., and Jeff Worsham.
|
| 260 |
|
|
|a New York :
|b LFB Scholarly Publishing LLC,
|c 2003.
|
| 300 |
|
|
|a xii, 178 p. :
|b ill.
|
| 490 |
1 |
|
|a American legal institutions
|
| 504 |
|
|
|a Includes bibliographical references and index.
|
| 533 |
|
|
|a Electronic reproduction. Ann Arbor, MI : ProQuest, 2015. Available via World Wide Web. Access may be limited to ProQuest affiliated libraries.
|
| 650 |
|
0 |
|a Eminent domain
|z United States.
|
| 650 |
|
0 |
|a Right of property
|z United States.
|
| 650 |
|
0 |
|a Environmental law
|z United States.
|
| 655 |
|
4 |
|a Electronic books.
|
| 700 |
1 |
|
|a Worsham, Jeffrey.
|
| 710 |
2 |
|
|a ProQuest (Firm)
|
| 830 |
|
0 |
|a American legal institutions.
|
| 856 |
4 |
0 |
|u https://ebookcentral.proquest.com/lib/matrademy/detail.action?docID=3016709
|z Click to View
|